LEADER 00739nam1 2200265 450 001 000033110 005 20130510120128.0 100 $a20120529d--------km-y0itaa50------ba 101 0 $aita 102 $aIT 200 1 $aIncontri$fdi Indro Montanelli 210 $aMilano$cLonganesi 215 $aVolumi$d19 cm 225 2 $a<> cammeo$v82 410 0$12001$a<> cammeo$v82 463 \1$1001000033111$12001 $aFacce di bronzo 700 1$aMontanelli,$bIndro$0247523 801 0$aIT$bUniversità della Basilicata - B.I.A.$gRICA$2unimarc 912 $a000033110 996 $aIncontri$999083 997 $aUNIBAS BAS $aLETTERE CAT $aSTD078$b01$c20120529$lBAS01$h1554 CAT $aTTM$b30$c20130510$lBAS01$h1201 FMT LEADER 00856nam0-2200313 --450 001 9910292960203321 005 20260213123730.0 020 $aIT$b622484 100 $a20181123d1962----kmuy0itay5050 ba 101 1 $aita 102 $aIT 105 $ay 001yy 200 1 $aProblemi dello spirito$fThomas Merton$gtraduzione di Franco Bernardini 210 $aMilano$cGarzanti$d1962 215 $a346 p.$d22 cm 225 1 $aVita vissuta 610 0 $aSociologia cristiana 610 0 $aCattolicesimo e marxismo 676 $a261$v20 676 $a190$v20 700 1$aMerton,$bThomas$0128978 702 1$aBernardini,$bFranco 801 0$aIT$bUNINA$gREICAT$2UNIMARC 901 $aBK 912 $a9910292960203321 952 $a199.1 MERT 01$bBIBL 35416$fFLFBC 959 $aFLFBC 996 $aProblemi dello spirito$91538217 997 $aUNINA